Library Banner

Alif laila (Urdu)(الف لیلی) (Record no. 54842)

MARC details
000 -LEADER
fixed length control field 00729nam a2200205Ia 4500
001 - CONTROL NUMBER
control field 57557
003 - CONTROL NUMBER IDENTIFIER
control field OSt
005 - DATE AND TIME OF LATEST TRANSACTION
control field 20150702102514.0
008 - FIXED-LENGTH DATA ELEMENTS--GENERAL INFORMATION
fixed length control field 140507s9999 xx 000 0 und d
020 ## - INTERNATIONAL STANDARD BOOK NUMBER
International Standard Book Number 9780199060160
040 ## - CATALOGING SOURCE
Transcribing agency PK-LaUMT
082 ## - DEWEY DECIMAL CLASSIFICATION NUMBER
Classification number 891.4393
Item number SIR-A
100 ## - MAIN ENTRY--PERSONAL NAME
Personal name Sirshar, Rattan Nath(سرشار، رتن ناتھ)
245 ## - TITLE STATEMENT
Title Alif laila (Urdu)(الف لیلی)
Statement of responsibility, etc Sirshar, Rattan Nath<>Shamsu Rahman Farooqi(سرشار، رتن ناتھ[ شمس رحمان فاروقی)
260 ## - PUBLICATION, DISTRIBUTION, ETC. (IMPRINT)
Place of publication, distribution, etc Karachi,Pakistan:(کراچی ، پاکستان )
Name of publisher, distributor, etc Oxford University Press,(اوکسفرڈ یونیورسٹی پریس)
Date of publication, distribution, etc 2010
501 ## - WITH NOTE
With note 4 vols
546 ## - LANGUAGE NOTE
Language note ur
700 ## - ADDED ENTRY--PERSONAL NAME
Personal name Shamsu Rahman Farooqi
942 ## - ADDED ENTRY ELEMENTS (KOHA)
Koha item type Books
Source of classification or shelving scheme Dewey Decimal Classification
Holdings
Withdrawn status Lost status Source of classification or shelving scheme Damaged status Not for loan Home library Current library Date acquired Total Checkouts Full call number Barcode Date last seen Date checked out Price effective from Koha item type
    Dewey Decimal Classification     UMT Main Campus UMT Main Campus 2014-05-07 9 891.4393 SIR-A 77083 2021-09-21 2021-08-30 2014-05-08 Books
    Dewey Decimal Classification     UMT Main Campus UMT Main Campus 2014-06-28 3 891.4393 SIR-A 77084 2024-12-05 2024-11-26 2014-06-28 Books
    Dewey Decimal Classification     UMT Main Campus UMT Main Campus 2014-06-28 2 891.4393 SIR-A 77085 2024-12-06 2024-11-29 2014-06-28 Books
    Dewey Decimal Classification     UMT Main Campus UMT Main Campus 2014-06-28 2 891.4393 SIR-A 77086 2024-12-04 2024-12-02 2014-06-28 Books